000
00300nam a2200121Ia 4500
005
20251222143217.0
008
251222s9999||||xx |||||||||||||| ||spa||
082
_a
370.985/B25
100
_a
Barrantes, Emilio
245
0
_a
Historia de la Educación en el Perú
264
_b
Mosca Azul
942
_c
LIB
999
_c
13682
_d
13682